| 000 | 00000nas 2200000za 4500 |
| 001 | 9.500039 |
| 003 | CaOODSP |
| 005 | 20221107132758 |
| 007 | cr ||||||||||| |
| 008 | 150406d20002004oncmr p oss||f0 a0eng|d |
| 022 | # |a1496-2306 |
| 040 | |aCaOODSP|beng |
| 041 | |aeng|afre |
| 043 | |an-cn--- |
| 086 | 1 |aCS31-001-IN |
| 086 | 1 |aCS31-001E-IN |
| 130 | 0 |aMonthly survey of manufacturing (Online) |
| 210 | 0 |aMon. surv. manuf. |b(Online) |
| 222 | 0|aMonthly survey of manufacturing |b(Online) |
| 245 | 10|aMonthly survey of manufacturing |h[electronic resource] = |bEnquête mensuelle sur les industries manufacturières. |
| 246 | 1 |iIssues for Nov. 2000-v. 57, no. 01 (Jan. 2003) have French parallel title : |aEnquête mensuelle sur les industries manufacturières |
| 260 | |aOttawa : |bStatistics Canada, |c[2000?-2005] |
| 310 | |aMonthly |
| 362 | 1 |aBegan with November, 2000; ceased with Vol 58, no. 12, 2004. |
| 520 | 3 |aProvides estimated values of manufacturers' shipments, inventories and orders by month. |
| 546 | |aText in English and French, Nov. 2000-v. 57, no. 01 (Jan. 2003); text in English only, v. 57, no. 2 (Feb. 2003)-Vol. 58, no. 12 (Dec. 2004). |
| 550 | |aIssued by: Nov. 2000-Jan. 2003, Monthly Survey of Manufacturing Section; Feb. 2003-Dec. 2004, Energy Section. |
| 692 | 07|2gccst|aManufacturing industry |
| 710 | 2 |aStatistics Canada. |
| 780 | 00|tEnquête mensuelle sur les industries manufacturières |w(CaOODSP)9.501111 |
| 780 | 00|tMonthly survey of manufacturing |w(CaOODSP)9.828586 |
| 792 | |tEnquête mensuelle sur les industries manufacturières |efre|w(CaOODSP)9.500040 |